| 000 | 00683cam a2200229Ia 4500 | ||
|---|---|---|---|
| 008 | |||
| 020 | _a0697140032 | ||
| 049 | _aMAIN | ||
| 090 |
_aZ253.S3.Q37 _bPET |
||
| 100 | 1 | _aPeterson, Linda. | |
| 245 | 1 | 0 |
_aXpress it! : _ba step-by-step guide to Quark Xpress 3.0 / _cby Linda J. Peterson. |
| 260 |
_aDubuque, IA : _bWm. C. Brown, _cc1993. |
||
| 300 |
_aix, 342 p. : _bill. ; _c28 cm. |
||
| 500 | _aIncludes index. | ||
| 650 | 0 | 0 | _aQuarkXPress (Computer file) |
| 650 | 0 | _aDesktop publishing. | |
| 907 |
_a.b10028250 _b20-05-15 _c17-04-03 |
||
| 003 | |||
| 005 | 20230123133146.0 | ||
| 040 | _cNUST | ||
| 942 |
_cBOOKS _kZ253.S3.Q37 _mPET |
||
| 999 |
_c143753 _d143753 |
||